| 000 | 00616nam a2200193 a 4500 | ||
|---|---|---|---|
| 001 | 2615 | ||
| 005 | 20140414131958.0 | ||
| 008 | 050607s19uu xx 00 eng d | ||
| 020 | _a0-8120-1809-5 | ||
| 050 |
_aTR 793.7'4 _bK45 1995 |
||
| 100 | _aKenda, Margaret | ||
| 245 |
_aMath wizardry for kids / _cMargaret Kenda and Phyllis S. Williams ; illustrated by Tim Robinson. |
||
| 260 |
_aNew York : _bBarron's Educational Series, _c1995. |
||
| 300 | _aiii 324 p. : ill. ; cm. | ||
| 500 | _aIncludes index | ||
| 650 |
_aMathematics _xJuvenile literature. |
||
| 650 | _aMathematical recreations. | ||
| 999 |
_c112985 _d112985 |
||